| 000 | 00479nam a2200145 4500 | ||
|---|---|---|---|
| 999 |
_c16615 _d16615 |
||
| 008 | 220302b ||||| |||| 00| 0 eng d | ||
| 020 | _a9780367730543 | ||
| 082 |
_22020 _aDC 808 _bT348 |
||
| 245 |
_aThinking creative writing : _bcritique from the international new writing journal / _cEdited by Graeme Harper. |
||
| 260 |
_aLondon : _bRoutledge ; _c©2020. |
||
| 300 |
_ax, 99 pages ; _b24 cm. |
||
| 500 | _aIncludes index. | ||
| 650 |
_aCreative writing. _98602 |
||
| 942 |
_2ddc _cDC |
||